Integrated Assessment of the Impacts of the New Economy on Health and Healthy Food
Uložené v:
| Hlavný autor: | |
|---|---|
| Ďalší autori: | , , , , , |
| Médium: | Kniha |
| Jazyk: | English |
| Vydavateľské údaje: |
San Antonio
FedEx Print & Ship Center
2018
|
| Vydanie: | 1. vydanie |
| Predmet: | |
| Tagy: |
Žiadne tagy, Buďte prvý, kto otaguje tento záznam!
|
MARC
| LEADER | 00000nam a2200000 4500 | ||
|---|---|---|---|
| 001 | 0248216 | ||
| 005 | 20240502083704.3 | ||
| 020 | |a 978-0-692-10739-3 | ||
| 041 | 0 | |a eng | |
| 044 | |a US | ||
| 245 | 1 | 0 | |a Integrated Assessment of the Impacts of the New Economy on Health and Healthy Food |c Vanda Lieskovská, Silvia Megyesiová, Erika Dudáš Pajerská et al. ; Reviewers: Tomáš Kincl, Iryna Reshetnikova |
| 250 | |a 1. vydanie | ||
| 264 | 1 | |a San Antonio |b FedEx Print & Ship Center |c 2018 | |
| 300 | |a 317 s. [15,85 AH] | ||
| 610 | 2 | 0 | |a ekonomika nová |
| 610 | 2 | 0 | |a rozvoj trvalo udržateľný |
| 610 | 2 | 0 | |a starostlivosť zdravotná |
| 610 | 2 | 0 | |a zdravie |
| 610 | 2 | 0 | |a bezpečnosť potravinová |
| 610 | 2 | 0 | |a maloobchod |
| 100 | 1 | |a Lieskovská, Vanda, 1961- | |
| 700 | 1 | |a Megyesiová, Silvia, 1969- | |
| 700 | 1 | |a Dudáš-Pajerská, Erika, 1988- | |
| 700 | 1 | |a Naščáková, Jana | |
| 700 | 1 | |a Petrovčiková, Katarína, 1977- | |
| 700 | 1 | |a Kincl, Tomáš | |
| 700 | 1 | |a Reshetnikova, Iryna L. | |